Обзор деятельности Общества потребителей военно-учебных ЛВО "ОПВУЗ". ... за 1923 г. (Запись № 13481428)

Подробности
000 -МАРКЕР
контрольное поле 01137nam2a22002171 4500
001 - ИДЕНТИФИКАТОР ЗАПИСИ
контрольное поле RU\NLR\A1SV\58042
005 - ИДЕНТИФИКАТОР ВЕРСИИ
контрольное поле 20251203152403.2
035 ## - ДРУГИЕ СИСТЕМНЫЕ НОМЕРА
Идентификатор записи (NLR Aleph) 009739998
100 ## - ДАННЫЕ ОБЩЕЙ ОБРАБОТКИ
Данные общей обработки 20071222d1924 u y0rusy50 ca
101 0# - ЯЗЫК РЕСУРСА
Язык текста, звукозаписи и т.д. русский
200 1# - ЗАГЛАВИЕ И СВЕДЕНИЯ ОБ ОТВЕТСТВЕННОСТИ
Основное заглавие ... за 1923 г.
Сведения, относящиеся к заглавию [с 19 февр. 1923 г. по 1 февр. 1924 г.]
210 ## - ПУБЛИКАЦИЯ, РАСПРОСТРАНЕНИЕ И ДР.
Дата издания, распространения и т.д. 1924
215 ## - ФИЗИЧЕСКАЯ ХАРАКТЕРИСТИКА
Специфическое обозначение материала и объем 40 с., 1 л. табл.
461 #1 - УРОВЕНЬ НАБОРА
Встроенное поле 001RU\NLR\A1SV\58041
-- 2000#$aОбзор деятельности Общества потребителей военно-учебных Л.В.О. "ОПВУЗ"$f[Сост.: Н.Болденков, Е.Собель и В.Майер]$v
Системный номер (АБИС) связанной записи 9940354
Автор Ленинградский военный округ. Общество потребителей военно-учебных заведений
Место публикации Л.
Дата публикации 1924
Первые сведения об ответственности [Сост.: Н.Болденков, Е.Собель и В.Майер]
Заглавие Обзор деятельности Общества потребителей военно-учебных ЛВО "ОПВУЗ"
801 #0 - ИСТОЧНИК ЗАПИСИ
Страна Российская Федерация
Организация NLR
Дата составления 20071222
852 ## - МЕСТОНАХОЖДЕНИЕ И ШИФР ХРАНЕНИЯ
Идентификатор организации NLR
Шифр хранения (Call Number) 72-7/1069
942 ## - ДОПОЛНИТЕЛЬНЫЕ ЭЛЕМЕНТЫ ЗАПИСИ (АБИС)
Тип экземпляра АБИС Книга
980 ## - КОЛЛЕКЦИЯ
Название коллекции Международный сводный каталог русской книги (1918-1926)
980 ## - КОЛЛЕКЦИЯ
Название коллекции Национальная библиография

Нет доступных экземпляров.